000 00297nam a22001337a 4500
008 180307b xxu||||| |||| 00| 0 eng d
020 _a9780030340536
041 _aeng
080 _210 ed
_a33
100 _a60
101 _abus
245 _acontemporary business
_cboone.k
942 _2udc
_cBK
999 _c44255
_d44255